[Event "Vidmar Memorial 13th"]
[Site "Portoroz"]
[Date "1999.06.21"]
[Round "8"]
[White "Aronian, Levon"]
[Black "Kozul, Zdenko"]
[Result "1-0"]
[WhiteElo "2502"]
[BlackElo "2585"]
[Annotator "Tsesarsky,I"]
[PlyCount "85"]
[EventDate "1999.06.??"]
[EventType "tourn"]
[EventRounds "10"]
[EventCountry "SLO"]
[EventCategory "14"]
[SourceTitle "CBM 072"]
[Source "ChessBase"]
[SourceDate "1999.10.01"]
[SourceVersion "1"]
[SourceVersionDate "1999.10.01"]
[SourceQuality "1"]

{[%mdl 8224]} 1. Nf3 d5 2. g3 Nc6 3. d4 Bf5 4. Bg2 e6 5. a3 (5. c3 Be7 (5...
Nf6 6. Nbd2 h6 7. O-O Be7 8. a4 a5 9. Qb3 O-O 10. Re1 (10. Qxb7 Rb8 11. Qxc6
Rb6 12. Qb5 Rxb5 13. axb5 Bd6 $132) 10... Bh7 11. Nf1 (11. Qxb7 Rb8 12. Qxc6
Rb6 $132) 11... Rb8 12. Bf4 Ne4 $11 {1/2-1/2 Bratchenko Alexandr-Tjuchanov/RUS
1996/Inf 01 (21)}) 6. Nbd2 Nf6 7. a4 a5 8. Qb3 Ra6 9. Nh4 Rb6 10. Qa2 Bg4 11.
h3 Bh5 12. g4 Nd7 13. Nf5 exf5 14. gxh5 Nf6 15. Rg1 (15. Nf1 Nb8 16. Ne3 c6 17.
Nxf5 Nxh5 18. Rg1 g6 19. Nxe7 Qxe7 $14) 15... O-O 16. Nf1 Qd7 17. Bf3 Kh8 18.
Ne3 (18. Bf4 Ne4 19. Ne3 Rd8 20. Rd1 (20. Nxf5 Qxf5 21. Bxc7 Ra6 22. Bxd8 Nxd8
23. Qb3 Bh4 24. Rf1 Re6 $15) 20... Bh4 21. Rg2 Ne7 $132 {0-1 Fernandez Madrid,
C-Narciso,M/Catalunya ch 1995 (31)}) 18... Rd8 19. Rg5 g6 20. hxg6 hxg6 21. Rg1
Ne4 22. Ng2 $14) (5. O-O {Main line}) 5... Be7 6. O-O (6. Nbd2 Nf6 7. O-O O-O
8. c4 Ne4 $11) 6... Nf6 7. c4 Ne4 (7... dxc4 8. Qa4 Qd7 9. Qxc4 O-O 10. Nc3
Rfd8 11. Rd1 Nd5 12. Ne5 $1 Nxe5 13. dxe5 Qc6 (13... c6 14. e4 $18) 14. Qb3 (
14. Qxc6 bxc6 15. Bd2 (15. e4 Nxc3 16. Rxd8+ Rxd8 17. bxc3 Rd1+ 18. Bf1 Bxe4
$19) (15. Ne4 Rab8 $132) 15... Rab8 16. e4 Nxc3 17. Bxc3 Bg6 (17... Bg4 18. f3
Bh5 19. h4 Bg6 20. Kf2 Kf8 21. Bf1 Ke8 22. Ba6 Rxd1 23. Rxd1 Rd8 24. Rxd8+ Kxd8
25. Ke3 $14 {[%csl Rc6,Rc7,Rg6]}) 18. Kf1 (18. f4 Bh5 19. Rxd8+ Rxd8 20. Kf1
Bc5 21. h3 Bd1 (21... Be3 22. g4 $18) 22. Ke1 Bb3 $132) 18... Kf8 19. Ke2 Ke8
20. f3 $14 {[%csl Rc6,Rc7]}) 14... Qb6 15. Qxb6 Nxb6 16. Bxb7 (16. Rxd8+ Rxd8
17. Bxb7 Nc4 18. f4 (18. e4 Bh3 19. f4 Nxb2 $1 20. Bxb2 Bc5+ 21. Kh1 Rd2 $19)
18... Nxb2 19. Bxb2 Rb8 20. Be4 Rxb2 21. Bxf5 exf5 22. Nd5 Bf8 23. Kf2 c6 24.
Nb4 c5 25. Nd5 c4 $15) 16... Rxd1+ 17. Nxd1 Rb8 18. Ba6 $14) 8. e3 O-O (8...
dxc4 9. Qa4 Qd7 (9... Nd6 10. Ne5 O-O 11. Nxc6 bxc6 12. Bxc6 Rb8 13. Qxa7 $16)
10. Qxc4 O-O 11. b4 a6 12. Bb2 Nd6 13. Qe2 $14) 9. Qe2 Re8 (9... dxc4 10. Qxc4
Nd6 11. Qe2 a5 12. Nc3 a4 13. e4 Bg4 14. Rd1 Na5 15. e5 Ndc4 16. h3 Bf5 17. g4
Bg6 18. d5 $14) 10. Nfd2 a6 (10... Na5 11. b4 Nxd2 12. Nxd2 Nxc4 13. Nxc4 dxc4
14. Qxc4 c6 15. e4 Bg6 16. f4 Qd7 17. Bb2 a5 $11) 11. b4 Nxd2 12. Bxd2 (12.
Nxd2 Bf6 13. Bb2 Ne7 (13... Qd7 14. Rac1 Rad8 15. Nb3 $14) 14. Rac1 c6 15. Rfd1
(15. e4 dxe4 16. Nxe4 Bxd4 $15) 15... Qd7 16. e4 dxe4 17. Nxe4 Bxe4 18. Bxe4
Nf5 19. Bxf5 (19. Qd3 Rad8 20. g4 Nxd4 21. Bxh7+ Kh8 22. Bxd4 Qxd4 23. Qh3 Qf4
24. Bc2+ Kg8 25. c5 $11 (25. Qh7+ Kf8 $17)) 19... exf5 20. Qc2 b5 21. cxb5 cxb5
22. d5 Rac8 23. Qd2 Rxc1 24. Bxc1 h6 $14 {[%csl Gd5]}) 12... Na7 13. Nc3 c6 14.
c5 (14. f4 Qd7 15. Na4 (15. g4 Bc2 $132) 15... Nc8 16. Nc5 Qc7 17. g4 Bc2 18.
Bc3 Bxc5 (18... Bg6 19. f5 $16) 19. bxc5 Bb3 20. cxd5 exd5 21. Rfb1 Bc4 22. Qd2
Qe7 23. Re1 Qh4 $132) 14... Qd7 $6 $14 (14... Nb5 15. Na4 Bf6 16. Nb6 Rb8 17.
a4 Nd6 $1 18. Bc3 Nc8 $11) 15. a4 e5 (15... Bf6 16. f4 h6 $14) 16. dxe5 a5 17.
Na2 axb4 18. Bxb4 Nc8 (18... Bh3 19. f4 Nc8 20. Bxh3 Qxh3 21. Nc1 Nb6 22. cxb6
Bxb4 23. Nd3 Bc3 24. Rac1 Ba5 25. Nc5 Bxb6 26. Nxb7 Qd7 27. Nd6 Reb8 $132) 19.
a5 Bd8 (19... Bh3 20. f4 Bxg2 21. Kxg2 Bd8 22. e4 Bc7 23. Nc3 Ne7 $14) 20. Qb2
(20. f4 Bh3 21. Nc3 $14) 20... Ne7 21. Nc3 Ng6 (21... Bh3 22. f4 Bc7 23. Rfd1
Bxg2 24. Qxg2 Qe6 (24... Nf5 25. Qf3 $16) 25. e4 Rad8 26. exd5 Nxd5 27. Nxd5
Rxd5 28. Rxd5 cxd5 29. Rd1 Rd8 30. Rd4 $16) 22. f4 Bg4 $2 $16 {Interestingly
that the young talent changes skilled grandmaster in positional struggle.} (
22... Bh3 23. Rfd1 Bxg2 24. Qxg2 f6 25. exf6 Bxf6 26. e4 Bxc3 27. Bxc3 Qe7 28.
e5 Qxc5+ 29. Bd4 $14) 23. Qd2 f6 $2 {Black miss the latent tactical impact.} (
23... Bc7 24. Na4 $16 (24. Rfb1 $16)) {[%tqu "En","?","","","c3d5","",10]} 24.
Nxd5 $1 $18 Rb8 (24... cxd5 25. Qxd5+ Qxd5 26. Bxd5+ Be6 27. Bxb7 $18) 25. Nb6
Qxd2 26. Bxd2 Be7 27. h3 Be2 28. Rfe1 Ba6 29. exf6 gxf6 30. Bb4 Rbd8 31. Rad1
Nf8 32. f5 Bd3 33. Bd5+ cxd5 34. Rxd3 Nd7 35. Rxd5 Ne5 36. Red1 Nc6 37. Rxd8
Bxd8 38. Be1 Re5 39. Nd5 Kf7 40. Nb4 Nxb4 41. Rxd8 Nc2 42. Rd7+ Ke8 43. Rxb7
1-0

[Event "Hamburg-ch int"]
[Site "Hamburg"]
[Date "1999.05.26"]
[Round "5.5"]
[White "Kopylov, Michael"]
[Black "Bach, Matthias"]
[Result "0-1"]
[WhiteElo "2421"]
[BlackElo "2337"]
[Annotator "Tsesarsky,I"]
[PlyCount "67"]
[EventDate "1999.05.22"]
[EventType "swiss"]
[EventRounds "9"]
[EventCountry "GER"]
[SourceTitle "CBM 072"]
[Source "ChessBase"]
[SourceDate "1999.10.01"]
[SourceVersion "1"]
[SourceVersionDate "1999.10.01"]
[SourceQuality "1"]

{[%mdl 704]} 1. d4 d5 2. Nf3 c5 3. dxc5 (3. c4) 3... Nc6 $6 (3... Qa5+ $11) 4.
c3 $1 $14 {and Black can't return P...} (4. c4 $1 d4 (4... Qa5+ 5. Bd2 Qxc5 6.
cxd5 Qxd5 7. Nc3 Qd8 8. e4 a6 9. Bc4 e6 10. O-O b5 11. Be2 (11. Bb3 $14) 11...
Be7 12. e5 Bb7 13. Rc1 Kf8 14. Be3 $14 {1/2-1/2 Polak,P-Zikmund,D/Prague op
1996 (50)}) (4... Nf6 5. cxd5 Qxd5 6. Qxd5 Nxd5 7. a3 (7. e4 Ndb4 8. Na3 e5 9.
Bb5 (9. Be3 Bg4 10. Bc4 (10. Rd1 Nxa2 11. Nb5 Rc8 12. Be2 (12. Nd6+ Bxd6 13.
cxd6 Nab4 $132) 12... Nab4 13. Rd2 Be7 14. O-O O-O 15. Rfd1 $14) 10... Bxf3 11.
gxf3 Nd4 12. f4 $1 (12. Bb5+ Kd8 13. Bxd4 exd4 14. Rc1 Rc8 15. Rg1 g6 16. c6
bxc6 17. Bc4 Ke7 $132) 12... Nbc2+ 13. Nxc2 (13. Kd2 Nxa1 14. fxe5 Bxc5 15.
Rxa1 Nf3+ 16. Ke2 Bxe3 17. Kxe3 Nxe5 $19) 13... Nxc2+ 14. Kd2 Nxa1 15. fxe5 Rc8
(15... Bxc5 16. Bxc5 Rc8 17. Bb5+ Kd8 18. Bd4 Nc2 19. Bc3 $18) 16. b4 a5 17.
Rxa1 axb4 18. Rc1 Be7 19. Bd5 $16) 9... Bxc5 10. Nxe5 O-O 11. Nxc6 bxc6 12. Bc4
$14) 7... e5 8. b4 e4 9. Ng5 Bf5 10. Bb2 Be7 11. Nh3 e3 12. g3 Be4 13. f3 Bf5
14. Bg2 $16 {1/2-1/2 Brook,O-Tozer,R/Oakham 1988 (70)}) 5. Qa4 (5. e3 e5 6.
exd4 exd4 (6... e4 7. Ne5 Nxe5 8. dxe5 Qxd1+ 9. Kxd1 Bxc5 10. Nc3 $16 {0-1
Berg,T-Petrov,V/Kemeri 1937 (43)}) 7. Bd3 Bxc5 8. O-O Bg4 9. Re1+ Nge7 10. Nbd2
h6 11. Ne4 Bb6 12. h3 Be6 13. Bf4 O-O 14. a3 $14 {1-0 Zufic,Z-Roschina,T/Pula
CRO 1999 (44)}) 5... Bd7 6. b4 $16) (4. Bf4 Qa5+ 5. Nc3 Qb4 6. Qd2 e6 7. Bd6
Bxd6 8. cxd6 a6 $2 (8... Qxd6 9. e4 Nf6 10. O-O-O (10. Qg5 Nxe4 11. Qxg7 Qf8
12. Qxf8+ Kxf8 (12... Rxf8 13. Nxe4 dxe4 14. Ng5 f5 15. Nxh7 $16) 13. Nxe4 dxe4
14. Ng5 f5 15. Bc4 Ke7 $11) 10... Qc5 11. exd5 exd5 12. Nxd5 Nxd5 13. Qxd5 Qxd5
14. Rxd5 Be6 15. Rd2 $16) (8... Nf6 9. O-O-O) (8... Qxb2 $1 9. Rb1 Qa3 10. Nb5
Qxa2 11. Rd1 Kf8 12. Nc7 Rb8 13. e3 Nf6 $15) 9. O-O-O Nf6 10. h3 (10. e4 $16)
10... Na5 11. a3 Qb6 12. e4 $18 {1-0 Kashwan,H-Nilsson,P/Skelleftea SWE 1999 
(20)}) (4. Nc3 $6 e6 5. Be3 Nf6 6. Qd3 Ng4 7. Bd2 (7. Bg5 f6 8. Bh4 Bxc5 $132)
7... Bxc5 8. Nd1 (8. Be3 $4 Nb4 $19 (8... Nxe3 $19 {0-1 Robinson Paul-Perez
Roberto/Trio 1995 (32)})) 8... Qb6 9. e3 Nge5 10. Nxe5 Nxe5 11. Qb5+ $11) (4.
Bg5 $2 f6 5. Bh4 e5 6. e4 dxe4 7. Qxd8+ Kxd8 8. Nfd2 g5 9. Bg3 f5 $17 {0-1
Zvara,P-Orsag,M/Prague Bohemians ,EXT 1995 (52)}) (4. Nbd2 $6 e5 5. Nb3 Nf6 6.
e3 Bg4 7. Be2 h5 8. h3 Bf5 9. c3 Be7 10. Bd2 Qc7 11. c4 dxc4 12. Bxc4 Ne4 13.
Qe2 O-O-O 14. Bc3 f6 15. Nfd2 Nxc5 16. Nxc5 Bxc5 17. a3 g5 18. O-O-O Kb8 $132 {
1-0 Sanduleac,V-Popescu,P/Bucharest P.B.P 1995 (51)}) 4... g6 (4... a5 5. Nd4 (
5. Bf4 e6 6. Na3 f6 7. e4 dxe4 8. Qxd8+ Kxd8 9. O-O-O+ Bd7 10. Bc4 Kc8 11. Rd2
(11. Nd4 $6 e5 (11... Nxd4 12. cxd4 e5 13. dxe5 Bxc5 14. e6 $18) 12. Nxc6 bxc6
13. Be3 Nh6 14. Be2 Be6 15. Nc4 Kc7 16. Nb6 Re8 $132) 11... exf3 12. Rhd1 e5
13. Rxd7 exf4 14. Be6 Kb8 15. Nb5 (15. Rd8+) 15... Be7 16. Rc7 Nh6 17. Rdd7
fxg2 (17... Ra6 18. Rxb7+ Ka8 19. Nc7+ Kxb7 20. Nxa6+ Ka8 21. Bd5 Rc8 22. Rxe7
Nf5 23. Rd7 fxg2 24. Bxg2 $18) 18. Rxb7+ Kc8 19. Rxe7+ Kd8 20. Rbd7+ {1-0 De
Haan,E-Bakker,S/Bussum BSG 'Pinkster 1994 (20)}) 5... a4 6. e4 (6. b4 axb3 7.
Nxb3 Bf5 8. N1d2 Nf6 9. Nf3 e5 10. e3 Ne4 $11 {1-0 Etzold,W-Delling,T/OLO-A
1995 (40)}) 6... e5 7. Nb5 dxe4 8. Nd6+ Bxd6 9. cxd6 Nf6 10. Be2 Be6 11. Na3
$14) 5. Nbd2 Nf6 (5... Bg7 6. e3 Nf6 7. b4 O-O 8. Bb2 $14) 6. b4 Bg7 7. e3 O-O
8. Bb2 e5 9. b5 e4 10. Nd4 $1 (10. bxc6 $6 exf3 11. cxb7 Bxb7 $1 (11... fxg2 $6
12. Bxg2 (12. bxa8=Q gxh1=Q 13. Qxa7 Ng4 14. Qe2 Nxh2 $132) 12... Bxb7 13. c4
Qe7 14. cxd5 Nxd5 15. Bxg7 Kxg7 (15... Nxe3 16. fxe3 Bxg2 17. Bxf8 Rxf8 18. Kf2
Bxh1 19. Qxh1 Qxc5 20. Qe4 $18) 16. Qb3 Nxe3 17. Bxb7 Nc2+ 18. Kd1 Nxa1 19.
Qc3+ Qf6 20. Qxf6+ Kxf6 21. Bxa8 Rxa8 22. Nc4 Rd8+ 23. Kc1 Rd4 24. Nd6 Ke6 25.
Kb2 $18) 12. Qxf3 (12. gxf3 Nd7 13. Rb1 Qc7 (13... Nxc5 14. Ba3 $18) 14. c4
Bxb2 15. Rxb2 Nxc5 16. cxd5 Bxd5 17. Nc4 Rfd8 18. Rd2 Be6 $44) (12. Nxf3 Ne4
13. Nd4 Qa5 14. Be2 Qxc5 15. Qd3 Rab8 16. O-O Ba6 17. Qxa6 Rxb2 $44) 12... Qc7
13. Nb3 d4 14. Qg3 (14. Qf4 Qxf4 15. exf4 Rfe8+ 16. Kd1 Ne4 $17) 14... Qxg3 15.
hxg3 dxe3 16. fxe3 Rfe8 $44 {[%csl Rc3,Rc5,Re3,Rg2,Rg3]}) 10... Ne5 11. c4 (11.
Ba3 a6 (11... Re8 12. Be2 Bg4 13. O-O (13. Bxg4 Nfxg4 14. O-O Qh4 15. h3 Nf6
16. Qe2 $16) 13... Bxe2 14. Qxe2 Rc8 15. Rfd1 Bf8 16. c4 Qa5 17. Bb2 dxc4 18.
Nxc4 Nxc4 19. Qxc4 Rxc5 20. Nb3 $1 Rxc4 21. Nxa5 Ra4 22. Nxb7 $16 {[%csl Rf6]})
12. bxa6 bxa6 13. Rb1 $16) 11... Bg4 (11... Qc7 12. Qb3 Nfd7 13. b6 (13. cxd5
Nxc5 14. Qc3 Ncd3+ 15. Bxd3 Nxd3+ 16. Kf1 Qe5 $44) 13... axb6 14. cxb6 Nxb6 (
14... Qxb6 15. cxd5 Qxb3 16. axb3 Rxa1+ 17. Bxa1 Nf6 18. d6 Rd8 19. Nb5 $16)
15. cxd5 $16) 12. Qb3 $2 $132 (12. Qc2 $1 $16 {[%cal Gc2e4]} Rc8 (12... Nfd7
13. cxd5 $16) 13. h3 Bd7 14. cxd5 Nxd5 15. Qxe4 Rxc5 16. Ba3 f5 17. Qb1 b6 18.
Qb3 Qa8 19. Bxc5 bxc5 20. Nc2 Be6 $16) 12... Nfd7 13. Ba3 b6 $3 $44 {Strong
and creatively!} 14. cxd5 $2 $17 (14. cxb6 $142 axb6 15. Bxf8 (15. h3 Nc5 16.
Bxc5 bxc5 17. hxg4 dxc4 18. Bxc4 (18. Nxc4 cxd4 19. exd4 Nxg4 20. Rd1 Bxd4 21.
Rd2 Qf6 $19 {[%csl Rf2]}) 18... cxd4 19. Rb1 (19. exd4 Qxd4 20. Rb1 (20. Rd1
Nxg4 $17) 20... Rfc8 (20... Nxg4 $17) 21. Be2 Nd3+ 22. Bxd3 exd3 23. O-O Rc3
$17) 19... dxe3 20. Qxe3 Nxc4 21. Nxc4 Rxa2 22. O-O Qd3 $11) 15... Kxf8 16. h3
(16. cxd5 Nc5 17. Qb1 (17. Qc2 Qxd5 18. Bc4 Ned3+ 19. Kf1 Qd8 (19... Qh5 20.
Nxe4 $18) 20. Rb1 (20. Bxd3 Bxd4 $1 (20... exd3 21. Qb2 $16) 21. exd4 Qxd4 22.
Rb1 Nxd3 23. Nb3 Qa4 24. h3 Be6 $44) 20... Bxd4 21. exd4 Qxd4 22. Bxd3 Nxd3 23.
Nb3 Qa4 $44) (17. Qc3 Qh4 $2 (17... Ned3+ 18. Bxd3 Nxd3+ 19. Kf1 Qxd5 20. h3 (
20. Qc6 Rxa2 21. Rxa2 Qxa2 $44) 20... Bd7 21. a4 $18) (17... Qf6 $1 18. f3 (18.
Nxe4 Nxe4 19. Qb4+ Kg8 20. Qb2 (20. f4 Qh4+ 21. g3 Qh6 $1 $19 {[%csl Rg3][%cal
Gg4f3]}) 20... Bf8 $17) (18. h3 Ned3+ 19. Bxd3 Nxd3+ 20. Qxd3 exd3 21. hxg4 Qd6
$17) 18... exf3 19. Kf2 fxg2+ 20. Kxg2 Qg5 21. Kf2 Bf3 22. N2xf3 Ne4+ 23. Ke1
Nxf3+ $19) 18. g3 Qf6 19. f4 exf3 20. Kd1 f2+ 21. Be2 $16) 17... Ned3+ 18. Bxd3
Nxd3+ 19. Kf1 Bxd4 20. exd4 Qxd5 21. Nb3 Nf4 $1 $19 {[%csl Rf1,Rg2][%cal Gd5g2,
Ge4e3]}) 16... Nc5 17. Qc2 Ned3+ 18. Bxd3 Nxd3+ 19. Kf1 Bxd4 $1 20. exd4 Qh4
21. Nf3 (21. g3 Qf6 22. Nxe4 Qxd4 23. hxg4 Qxa1+ 24. Kg2 Qd4 (24... Ne1+ 25.
Rxe1 Qxe1 26. cxd5 $44) 25. Nd6 dxc4 26. Nxc4 Nxf2 27. Qxf2 Qxc4 $17) 21...
Bxf3 $1 (21... exf3 22. Qxd3 Bf5 23. Qc3 $2 (23. Qxf3 Qxd4 24. Rd1 Qxc4+ 25.
Kg1 Be4 (25... Rxa2 26. Qxd5 Qe2 27. Qd4 $18) 26. Qf6 Rxa2 27. Qxb6 Qe2 28. Rc1
$16) 23... fxg2+ 24. Kxg2 dxc4 25. Rhe1 Be4+ 26. Kg1 Bd3 27. Re3 Qg5+ 28. Rg3
Qxb5 29. a3 $44) 22. gxf3 dxc4 23. fxe4 Qxe4 24. Rg1 Qxd4 25. Rb1 Qd5 $44) (14.
c6 Nc5 15. Qc2 Ncd3+ 16. Bxd3 Nxd3+ 17. Kf1 Qh4 18. Nxe4 (18. g3 Qh3+ 19. Kg1
Bxd4 20. exd4 Bf3 $19) 18... dxe4 19. Bxf8 Rxf8 $15) 14... Nxc5 15. Bxc5 bxc5
16. Nc2 $2 $19 (16. h3 cxd4 17. hxg4 Nxg4 18. Rd1 dxe3 19. fxe3 Qf6 20. Nxe4
Qe5 $17) 16... Nd3+ $2 $17 (16... c4 $1 $19 {This move could finish rather
creatively carried out a black game.} 17. Nxc4 (17. Qb4 Qxd5 18. Nd4 Rfc8 19.
Rc1 (19. h3 Bd7 20. Rc1 Nd3+ 21. Bxd3 exd3 22. O-O (22. Rxc4 Qxg2 23. Rf1 Qd5
$19) 22... Bxd4 23. exd4 Bxb5 $19) 19... Nd3+ 20. Bxd3 exd3 21. O-O Bxd4 22.
exd4 Be6 23. Qc3 Qxb5 24. Ne4 Qf5 (24... Qc6 25. Nf6+ Kf8 26. Nxh7+ Ke7 27.
Rfe1 $132 {[%cal Gd4d5]}) 25. Nd6 Qd5 26. Nxc8 Rxc8 27. Rb1 Rd8 28. Rfc1 Kg7
29. Rb2 Qxd4 30. Rd2 Qxc3 31. Rxc3 Kf6 32. Kf1 Ke5 $19) 17... Nxc4 18. Bxc4
Qa5+ 19. Kf1 Bxa1 20. Nxa1 Rfc8 $19) 17. Bxd3 exd3 18. Qxd3 c4 $5 (18... Bxa1
19. Nxa1 a6 $1 20. bxa6 Bc8 21. e4 Bxa6 22. Qe3 f5 $17) 19. Qxc4 (19. Nxc4 Bf5
$1 20. Qd2 (20. e4 Bxe4 21. Qxe4 Re8 $19) 20... Bxc2 $19) 19... Bxa1 20. Nxa1
$6 (20. Qxg4 $5 Bc3 (20... Rc8 21. Qd1 (21. Qa4 Qxd5 22. Ke2 Rfd8 23. Nxa1 (23.
Rd1 Qd3+ $19) 23... Qxd2+ 24. Kf3 Rc5 $19) 21... Bc3 22. O-O (22. e4 Qa5 $17)
22... Qxd5 23. Nd4 Bxd4 24. Nb3 Qxb5 25. Nxd4 $17) 21. Qc4 Qa5 22. Qd3 Rab8 $17
) 20... Rc8 21. Qxg4 Rc1+ 22. Ke2 (22. Qd1 Rxd1+ 23. Kxd1 Qxd5 $19) 22... Rxh1
23. Qd4 Rxa1 $1 (23... Qb6 24. Qxb6 axb6 25. Nc2 Rxh2 26. Nc4 Rb8 27. Kf3 Rh1
$17) 24. Qxa1 Qxd5 25. a4 Rd8 26. Qc3 $2 $19 (26. Nf3 Qc4+ 27. Ke1 Rd3 28. Nd4
Qb4+ 29. Ke2 Ra3 30. Qc1 Rxa4 $17) 26... Qxg2 27. Nf3 Qg4 28. Qc7 (28. Qb3 Rd6
29. h3 Qxh3 30. Qxf7+ Kxf7 31. Ng5+ Kf6 32. Nxh3 a6 $19) 28... Rc8 29. Qxa7
Qc4+ 30. Ke1 Qb4+ 31. Ke2 (31. Kd1 Qb3+ 32. Ke2 Rc2+ $19) 31... Rc2+ 32. Kf1
Rc1+ 33. Ke2 Qc4+ 34. Kd2 (34. Kd2 Qc2#) 0-1

[Event "Dortmund Master"]
[Site "Dortmund"]
[Date "1999.07.09"]
[Round "1"]
[White "Mainka, Gregor"]
[Black "Feygin, Michael"]
[Result "0-1"]
[WhiteElo "2342"]
[BlackElo "2500"]
[Annotator "Tsesarsky,I"]
[PlyCount "78"]
[EventDate "1999.07.09"]
[EventType "tourn"]
[EventRounds "9"]
[EventCountry "GER"]
[EventCategory "9"]
[SourceTitle "CBM 072"]
[Source "ChessBase"]
[SourceDate "1999.10.01"]
[SourceVersion "1"]
[SourceVersionDate "1999.10.01"]
[SourceQuality "1"]

{[%mdl 8192]} 1. Nf3 Nf6 2. d4 c5 3. g3 cxd4 4. Nxd4 e5 5. Nb3 d5 6. Bg2 h6 7.
O-O Nc6 8. Nc3 (8. c4 {One of main lines.}) 8... Be6 (8... d4 9. Na4 (9. Ne4
Bf5 10. Nxf6+ Qxf6 11. e3 Rd8 12. exd4 exd4 13. Qe2+ Be7 14. Re1 O-O 15. Qb5
$132 {0-1 Rottstaedt,W-Libeau,R/BL2W 1990 (52)} (15. Bxc6 Qxc6 16. Qxe7 Rfe8
$19)) 9... Be7 (9... Be6 10. c3 (10. Nbc5 Bxc5 11. Nxc5 Bd5 $11 {1-0 Pashov,
L-Orev,P/Bankia ,EXT 1990 (35)}) 10... Bd5 11. cxd4 Bxg2 12. Kxg2 Qd5+ 13. e4
Nxe4 14. dxe5 $11 {1/2-1/2 Kekki,P-Westerinen,H/JSM MatSK-KSY 1992 (22)}) 10.
c3 O-O 11. cxd4 Nxd4 12. Be3 Nxb3 13. Qxb3 Qa5 14. Nc3 Rb8 15. Nd5 Bd8 16.
Nxf6+ Bxf6 17. Bd5 Bd7 $11 {1/2-1/2 Walker,B-Polacek,J/Toronto 1992 (27)}) 9.
f4 (9. e4 d4 10. Ne2 Be7 (10... Bc4 11. Bd2 Qb6 12. Kh1 Rd8 $15 {0-1
Rakitskaja,M-Orlov,A/Petrov mem, St Petersburg RUS 1998 (20)}) 11. h3 Qd7 12.
Kh2 O-O-O 13. f4 Bc4 14. fxe5 Nxe5 15. Bf4 Nc6 16. Rf2 g5 17. Bd2 {1/2-1/2 Ek,
H-Brostrom,G/Sverige 1972 (17)}) (9. Na4 b6 10. c4 Rc8 11. cxd5 Nxd5 12. Bd2
Be7 13. Nc3 O-O 14. Nxd5 Bxd5 15. Bc3 Bxg2 16. Kxg2 a5 $11 {1/2-1/2 Whiteley,
A-Denman,B/Brighton(9) 1979 (38)}) (9. Re1 Be7 10. e4 d4 11. Ne2 O-O 12. Bd2 a5
13. Nbc1 Qb6 14. Nd3 Rfd8 $15 {0-1 Klumpp,J-Rauch,U/VLSBaden 1992 (44)}) (9.
Qd2 a5 10. a4 Bb4 11. Qd3 e4 12. Qb5 O-O 13. Rd1 Bxc3 14. bxc3 Bd7 15. Ba3 Nb4
16. Qc5 Rc8 17. Qd6 Nxc2 18. Qxf8+ Qxf8 19. Bxf8 Nxa1 20. Bxg7 Kxg7 21. Rxa1 b6
$17 {1-0 Kovacs,I-Donka,P/Debrecen Jubileum-C(5) 1993 (62)}) 9... Qd7 (9...
Qb6+ 10. Kh1 exf4 11. Rxf4 O-O-O 12. Na4 Qa6 13. Nac5 Bxc5 14. Nxc5 Qb5 15.
Nxe6 fxe6 16. c3 d4 17. Qc2 e5 18. Rf1 $14 {1-0 Romanishin,O-Orenda,O/Pula CRO
1999 (25)}) 10. fxe5 (10. Nb5 exf4 $140 11. Bxf4 {[%cal Gb5c7]} Rc8 12. c3 Be7
13. Qd2 O-O 14. Rad1 a6 15. N5d4 Bh3 $11) (10. e4 dxe4 11. Nxe4 Nxe4 (11... Qc7
12. Nxf6+ gxf6 13. Be3 Rd8 14. Qh5 $14) 12. Bxe4 exf4 (12... Bd6 $6 13. f5 $1
Bc4 14. Re1 (14. Rf2 $2 Bxb3 15. Rd2 (15. axb3 Bc5 $19) 15... Bxc2 16. Qxc2 Nd4
$17) 14... O-O 15. Qg4 Kh8 16. Be3 $14) 13. Bxf4 Be7 14. Qxd7+ Kxd7 15. Rad1+
Kc8 16. c3 Rd8 17. Rxd8+ Kxd8 18. Kf2 Ke8 19. Rd1 Rd8 $11) 10... Nxe5 11. Be3
$6 (11. e4 dxe4 12. Nxe4 Nxe4 13. Bxe4 Qc7 14. Bf4 Bd6 15. Nd4 Bc4 16. Re1
O-O-O (16... O-O 17. b3 Ba6 18. Qh5 Rad8 19. Rad1 Rfe8 20. c4 Nxc4 21. bxc4
Bxf4 22. Qf5 (22. gxf4 Qxf4 23. Qe2 Bxc4 24. Qxc4 Rxe4 25. Rxe4 Qxe4 26. Qd3
$15) 22... Rxe4 23. Qxe4 Bd6 24. Nf5 (24. Nb5 Bxb5 25. cxb5 Qb6+ 26. Kg2 Qxb5
27. Rb1 Qa6 28. Rxb7 Qxa2+ 29. Re2 Qe6 $8 (29... Qa1 30. Rxf7 $1 $16) 30. Qxe6
fxe6 31. Rxa7 (31. Rxe6 a5 32. Ra7 Bb4 33. Rc6 Kh7 34. Rcc7 Rg8 35. Kf3 $16)
31... e5 $16) 24... Bc5+ 25. Kg2 Rxd1 26. Rxd1 Bf8 $44) 17. c3 g5 18. Be3 Kb8
$132) (11. Bf4 Nc4 12. Qd4 Be7 (12... Nxb2 13. Be5 Be7 14. Nxd5 Bxd5 15. Bxd5
Nxd5 16. Bxg7 Rg8 17. Qxb2 Qe6 18. Nd4 Bc5 19. Qxb7 Rd8 (19... Rc8 20. e3 $1
Qxe3+ 21. Kh1 Qe4+ 22. Rf3 $18) 20. Qb5+ Rd7 21. Qxc5 Qe3+ 22. Rf2 Rxg7 23.
Qc8+ Rd8 24. Qc6+ Rd7 25. Nf5 $18) 13. Nc5 Qc6 (13... Bxc5 14. Qxc5 Rc8 15.
Qxa7 Nxb2 16. Be5 $16) 14. b4 Rc8 15. Qxc4 dxc4 16. Bxc6+ Rxc6 17. Nxe6 (17.
Nxb7 Bxb4 18. Rad1 O-O $15) 17... Rxe6 18. a3 $11) 11... Nc4 12. Bd4 (12. Bc1
$11) 12... Nxb2 13. Qe1 (13. Qc1 Nc4 14. Bxf6 gxf6 15. Rd1 d4 (15... Qc7 16.
Bxd5 (16. Nxd5 Bxd5 17. Bxd5 (17. Rxd5 Ba3 18. Qf1 Bb2 19. Rc5 (19. Rad1 Ne3
$17) 19... Qb6 20. e3 Bxa1 21. Qxc4 Be5 $17) 17... Ba3 18. Qf4 Qxf4 19. gxf4
Ne3 20. Rd3 Rg8+ 21. Kf2 Ng4+ 22. Kg2 Rc8 (22... Ne3+ 23. Kf3 Nxd5 24. Rxd5 Rc8
25. Rad1 Be7 26. Nd4 $14) 23. Bxb7 Rc7 (23... Rxc2 24. Nd4 Rc7 (24... Rc1 25.
Rxc1 Bxc1 26. Rc3 $18) 25. Rxa3 Rxb7 26. Rc1 $14) 24. Ba6 Ke7 25. Rb1 Ne3+ 26.
Kf3 Nxc2 $11) 16... Ba3 17. Qf4 Qxf4 18. gxf4 Bb2 19. Nb5 Rg8+ 20. Kf2 Bxa1 21.
Nc7+ Ke7 22. Nxa8 Rxa8 23. Bxc4 Bxc4 24. Rxa1 Rd8 25. Rg1 $11) 16. Ne4 $14)
13... Na4 $2 $16 (13... Rc8 14. e4 dxe4 15. Nxe4 (15. Bxf6 gxf6 16. Nxe4 Bg7
17. Qf2 Qe7 18. Nd4 f5 19. Nxf5 Bxf5 20. Qxf5 O-O 21. Rae1 Nc4 (21... Rc6 22.
c3 Nc4 $132) 22. Nf6+ Qxf6 23. Qxf6 Bxf6 24. Rxf6 Kg7 $11) 15... Nxe4 16. Qxe4
Na4 17. Rad1 Qb5 $132) 14. Bxf6 gxf6 15. Nxd5 $1 (15. Nxa4 Qxa4 $132) 15...
Bxd5 16. Rd1 Nb6 (16... Qc7 17. Rxd5 Nc3 18. Rd3 Nxa2 19. Qa1 Nb4 20. Qa4+ Nc6
21. Rxf6 Rc8 22. Bd5 $18) 17. Bxd5 (17. e4 Qd6 18. exd5+ Be7 19. Qe2 $16) 17...
Nxd5 18. e4 O-O-O (18... Bb4 19. Qf2 O-O 20. c4 $1 $18) 19. Rxd5 Qc6 $2 $18 (
19... Qc7 20. Qf2 $16 {[%csl Rf6,Rf7]}) 20. Rxd8+ Kxd8 21. Qa5+ $1 Kc8 22. Rf3
$2 $16 (22. Qxa7 Qxe4 23. Rxf6 $18) 22... b6 $2 $18 (22... Kb8 23. Qd8+ Qc8 24.
Qxc8+ Kxc8 25. Rxf6 Rh7 26. Kg2 Be7 27. Rf5 $16) 23. Qf5+ $6 (23. Qxa7 $1 Qxe4
24. Qa6+ (24. Rc3+ $2 Bc5+ 25. Nxc5 (25. Rxc5+ bxc5 26. Qxc5+ Kd7 27. Qa7+ Kc8
28. Qa6+ Kb8 29. Qd6+ Ka8 30. Qxf6 Qe1+ 31. Kg2 Qe2+ 32. Qf2 Qxf2+ 33. Kxf2 Rc8
$44) 25... Qe1+ 26. Kg2 Qe2+ 27. Kh3 Qh5+ 28. Kg2 Qe2+ $11) 24... Kc7 25. Rxf6
$18) 23... Kb8 24. Qxf6 Bc5+ 25. Kg2 Rc8 (25... Qxf6 26. Rxf6 Re8 27. Kf3 $18)
26. Qxc6 Rxc6 27. Rxf7 (27. Rc3 Re6 28. Nxc5 bxc5 29. Kf3 $18) 27... Be3 28.
Kf3 Bg1 29. Kg2 Be3 30. Kf3 Bg1 31. e5 (31. Kg2 Be3) 31... a5 (31... Bxh2 32.
Kg2 Rxc2+ 33. Rf2 Rxf2+ 34. Kxf2 $18 {[%csl Rh2]}) (31... Rxc2 32. e6 Rf2+ 33.
Kg4 Re2 34. Kf5 (34. e7 Kc8 35. Nc1 Re3 36. Rf1 Bxh2 37. Rf2 Bxg3 38. Re2 Rxe2
39. Nxe2 Kd7 40. Nxg3 Kxe7 $11) 34... Kc8 (34... Bxh2 35. Nd4 Re3 36. Nc6+ Kc8
37. Nxa7+ Kd8 38. Nc6+ Kc8 (38... Ke8 39. Rd7 $18) 39. Ne7+ Kb8 40. Nd5 $18)
35. h4 $18) 32. Kg2 (32. c4 Rxc4 33. e6 $18) 32... Be3 33. Kf3 Bg1 34. Ke4 (34.
c4 $18) 34... Rxc2 35. e6 Re2+ 36. Kd5 (36. Kf5 Kc8 37. h4 {Less tempo than in
one of previous variations but still win.} Bf2 38. Rh7 Bxg3 39. Rxh6 $18) 36...
a4 (36... Kc8 37. h3 (37. Rf8+ Kc7 38. h3 a4 39. Rf7+ Kd8 40. Kd6 Kc8 41. Nc1
Bc5+ 42. Kd5 Rd2+ 43. Ke4 Ba3 44. Nd3 Rxa2 45. Rf6 Kc7 46. Rxh6 Kd6 47. Nf4 Bc1
48. h4 b5 $44) 37... a4 38. Nc1 Rd2+ 39. Ke4 Kd8 40. Rh7 Rc2 41. Nd3 Rxa2 42.
Nf4 Bc5 43. Nd5 Re2+ 44. Kf5 Rf2+ 45. Kg6 Rf3 46. g4 (46. Rh8+ Rf8 47. Rxf8+
Bxf8 48. Kf7 Bc5 49. e7+ Bxe7 50. Nxe7 a3 51. Nc6+ Kc7 52. Nb4 Kd6 $11) 46...
a3 47. Ra7 Kc8 48. e7 Bxe7 49. Nxe7+ Kb8 50. Nc6+ Kc8 51. h4 $18) 37. e7 $4 $14
(37. Nc1 Rd2+ 38. Ke5 Bc5 39. e7 Bxe7 40. Rxe7 Rc2 41. Nd3 Rxa2 42. Nb4 Re2+
43. Kd6 Rxe7 (43... Rd2+ 44. Kc6 $18) 44. Kxe7 Kc7 45. g4 b5 46. h4 a3 47. g5
$18) 37... axb3 38. Kc6 $4 $19 (38. Rf8+ Kb7 39. e8=Q Rxe8 40. Rxe8 bxa2 41.
Re1 Bxh2 42. g4 b5 43. Ra1 Kb6 44. Rxa2 Bf4 $14) 38... bxa2 39. Rf1 Bc5 0-1